00497nam a2200157 a 4500008004100000020001800041050001600059100001800075245011500093250001600208260002500224300002900249650002300278700001800301700002000319210303s2019 ||||||||||||||||| || u a9785865479901 aPG 2900 Ant aAntonova, V.E14aThe way to Russia: Russian language textbook A2 level (8th edition)cV.E Antonova; M.M Nakhabina; A.A Tolstych a8th edition aSt. Petersburgc2019 a184 pages: illustrations aRUSSIAN LITERATURE aTolstych, A.A aNakhabina, M.M